000 00607nam a22001817a 4500
005 20250625124935.0
010 _aENG-134822 ENG -145571
020 _c495.00
_a9789382968344
035 _aEN-118354 EN- 129103
037 _bDBAD
082 _a621.9
100 _aYadav, Dharampal
_982339
245 _aWorkshop Practice-1/
_cDharampal yadav and Pradeep Kumar
260 _aNew Delhi
_bAvni publications
_c2019
270 _aRZ-45D gali no. 2, sagarpur
_bNew Delhi
_e09891896481, 9891896483
_mavnipublications@gmail.com
300 _a136 p.
_c28m (hb)
942 _2ddc
_cEN
_h621.9
_mYAD
999 _c191673
_d191673